000 00699nam a22002057a 4500
005 20100812142734.0
010 _aENG-100072
020 _a9788190751803
_c100.00
035 _aEN-83604
037 _bDBAD/PUB
082 _a539.7
100 _aSenthi Kumar, V.
_911851
245 _aNuclear physics /
_cby V. Senthi Kumar
260 _aErode
_bPallavi Publications
_c2008
270 _a194, Kanna Complex, Mettur Road,
_bErode
_e11
300 _a120p.
_c24cm (pbk)
650 _aNuclear physics
_911852
942 _2ddc
_cEN
_h539.7
_mSEN
999 _c41390
_d41390